000
00300nam a2200145Ia 4500
100
_a
Zade/Mohankumar
942
_c
BK
654
_a
Programming
245
_a
Computer Programming 1
260
_b
Nirali prakashan
_c
1998
082
_a
5.1
_b
ZAD
300
_a
275
546
_a
ENGLISH
999
_c
29950
_d
29950